000 00747nam a2200205Ia 4500
003 GCL
008 140319s9999 xx 000 0 ara d
040 _aGCL /
_cGCL
082 0 4 _a929.1
_bق ن
100 1 _aالقلقشندى : أحمد بن على بن احمد الفزارى
245 1 0 _aنهاية الارب فى معرفة انساب العرب /
_cالقلقشندى : أحمد بن على بن احمد الفزارى
700 1 _aابراهيم الابيارى
260 _aالقاهرة :
_bدار الكتاب المصرى ،
_c1991
300 _a490 ص ؛
_c24 سم
490 _a
650 0 4 _aالانساب العربية
650 0 4 _aالانساب والاعراق
650 0 4 _aالانساب
942 _2ddc
_cBK
999 _c34293
_d34293